000 01413 a2200265 4500
005 20260416115158.0
008 260416b |||||||| |||| 00| 0 eng d
020 _a9789354640896
040 _aCSL
_cCSL
041 _2eng
_aeng
084 _aD65,4 R2;-;19 FT
_qCSL
100 _aHaykin, Simon
_91114014
_eauthor
245 _aCommunication Systems
250 _a5th
260 _aNew Delhi :
_bWiley,
_c2026.
300 _axii, 596p.
_b: ill.
_c; 25 cm.
500 _aincludes Appendix, Glossary, Bibliography and Index
520 _aThis best-selling Communication Systems textbook continues to include the most comprehensive and rigorous coverage of both analog and digital communications. In addition to being the most up-to-date communications text available, the book lays an emphasis on the statistical underpinnings of communication theory with applications. The book presents material in a logical manner, and is illustrated with numerous examples, with the overall aim being that of helping the student develop an intuitive grasp of the theory under discussion.
650 _aAmplitude modulation
650 _aPhase and frequency
_91234941
650 _aSingal-space analysis
_91234942
650 _aSpread spectrum and multiple access
_91234943
700 _aMoher, Michael
_eauthor
_91234944
942 _cTEXL
_2CC
_e5th
_hD65,4 R2;-;19 FT
999 _c1678727
_d1678727